All Main Scooby-Doo Movie Monsters - Statistics

General Stats
  • This quiz has been taken 31 times
  • The average score is 13 of 52
Answer Stats
Picture Answer % Correct
Scrappy-Doo
75%
Count Dracula
63%
Alien
56%
Werewolf
56%
Ben Ravencroft
50%
Ghost of Sarah Ravencroft
50%
Phantom
50%
Chupacabra
44%
Dick Dastardly
44%
Loch Ness Monster
44%
Abominable Snowman
38%
Ghost of Cleopatra
38%
Mr. Hyde
38%
Phantosaur
38%
Aliens
31%
Black Samurai
31%
Captain Skunkbeard
31%
Ghost Bear
31%
Headless Horseman
31%
Revolta
31%
Woodsman
31%
Yowie Yahoo
31%
Cat Creatures
25%
Evil Masked Figure
25%
Ghost of Dapper Jack
25%
Phantom Virus
25%
Red Ghost
25%
Gryphon
19%
Lena Dupree
19%
Simone Lenoir
19%
Asmodeus
13%
Crimson Cloak
13%
Specter
13%
The Amazing Krudsky
13%
The Crimson Witch
13%
The Skull Ghost
13%
Wanda Grubwort
13%
Wiki-Tiki
13%
Alpha Jackal-Lantern
6%
Carol
6%
Cicada Queen
6%
Count Friederich Nefario
6%
Ghost of Bingo Belle
6%
Ghost of Captain Bash
6%
Ghost of Gnarlybeard
6%
Ghost of the Baron
6%
Haman
6%
Inferno
6%
Lord Valdronya
6%
Morgan Le Fey
6%
Phantoms
6%
Wooden Leg Wally
6%
No matching quizzes found
Score Distribution
Percent of People with Each Score
Percentile by Number Answered
Your Score History
You have not taken this quiz